00856nam a2200229u 450000100060000000300080000600500170001400800390003103500190007004000330008904100080012208200200013010000350015024501190018526000550030430000270035965000270038670000520041394200120046599900170047795201320049418770BD-RjUL20211209000330.0140222s1967 enk 000 1 eng a(BD-RjUL)18828 aDLCcCarPdDLCdBD-RjULbeng aeng a823.7bGAA 19671 aGalt, John,d1779-1839.95786610aAnnals of the parish, or, The chronicle of Dalmailing during the ministry of the Rev. Micah Balwhidder,cJohn Galt aLondon ;aNew York [etc.] :bOxford U. P.,cc1967. axxvi, 242 p. ;c21 cm.1 aEnglish fiction9578671 aKingsley, James,eed. [from old catalog]957868 2ddccBK c18770d18770 00102ddc40718FICaRUCLbRUCLcReadingd1970-03-03eZeitg25.00l0o823.7 GAA 1967r2014-02-22 00:00:00tC-1w2014-02-22yBK